000 00825nam a2200181Ia 4500
008 090124s9999 xx 000 0 und d
082 _b102021
100 _aगाडगीळ धनंजय रामचंद्र व दरेकर दत्तात्रय
245 _a बहुजन समाजातील कर्मविर
250 _a1
260 _c1944
300 _a137
600 _aगाडगीळ धनंजय रामचंद्र व दरेकर दत्तात्रय
630 _a बहुजन समाजातील कर्मविर
700 _aगाडगीळ धनंजय रामचंद्र व दरेकर दत्तात्रय
730 _a बहुजन समाजातील कर्मविर
942 _cBOOK
999 _c148113
_d148113